[Event "COL-chT"]
[Site "Ibague"]
[Date "2018.10.12"]
[Round "4.3"]
[White "Ruiz Orozco, Neider Santiago"]
[Black "Zona Moreno, Sergio Julian"]
[Result "1/2-1/2"]
[WhiteElo "1192"]
[BlackElo "1497"]
[PlyCount "50"]
[EventDate "2018.10.11"]
[EventType "team-swiss"]
[EventRounds "6"]
[EventCountry "COL"]
[SourceTitle "CBM 186 Extra"]
[Source "ChessBase"]
[SourceDate "2018.08.24"]
[SourceVersion "1"]
[SourceVersionDate "2018.08.24"]
[SourceQuality "1"]
[WhiteTeam "Tolima II"]
[BlackTeam "Tolima Retadores"]
[WhiteTeamCountry "COL"]
[BlackTeamCountry "COL"]

1. e4 c6 2. d4 d5 3. e5 Bf5 4. Nf3 h6 5. Bd3 Bxd3 6. Qxd3 e6 7. 0-0 Nd7 8. Be3 Qc7 9. Nbd2 Ne7 10. c4 dxc4 11. Nxc4 Nd5 12. a3 Be7 13. Nfd2 b5 14. Nd6+ Bxd6 15. exd6 Qxd6 16. Ne4 Qe7 17. Rac1 f5 18. Nc5 Nxc5 19. Rxc5 Qd7 20. Rfc1 Ne7 21. Bf4 0-0 22. Be5 Ng6 23. Qc3 Nxe5 24. dxe5 Rfd8 25. h3 Qe7 1/2-1/2

[Event "COL-chT"]
[Site "Ibague"]
[Date "2018.10.11"]
[Round "1.3"]
[White "Zona Moreno, Sergio Julian"]
[Black "Arias, Juan Carlos2222"]
[Result "0-1"]
[WhiteElo "1497"]
[BlackElo "1921"]
[PlyCount "40"]
[EventDate "2018.10.11"]
[EventType "team-swiss"]
[EventRounds "6"]
[EventCountry "COL"]
[SourceTitle "CBM 186 Extra"]
[Source "ChessBase"]
[SourceDate "2018.08.24"]
[SourceVersion "1"]
[SourceVersionDate "2018.08.24"]
[SourceQuality "1"]
[WhiteTeam "Tolima Retadores"]
[BlackTeam "Norte de Santander"]
[WhiteTeamCountry "COL"]
[BlackTeamCountry "COL"]

1. e4 c5 2. Nf3 Nc6 3. d4 cxd4 4. Nxd4 Nf6 5. Nc3 g6 6. Be3 Bg7 7. Bc4 Qa5 8. f3 Qb4 9. Bb3 Nxe4 10. a3 Nxc3 11. Qd3 Qa5 12. bxc3 0-0 13. 0-0 b6 14. f4 Ba6 15. c4 Nxd4 16. Bxd4 Bxd4+ 17. Qxd4 d5 18. Rfe1 dxc4 19. Re5 b5 20. Bxc4 Qa4 0-1

[Event "COL-chT"]
[Site "Ibague"]
[Date "2018.10.11"]
[Round "2.4"]
[White "Zona Moreno, Sergio Julian"]
[Black "Lopez Rayo, Isabella"]
[Result "1-0"]
[WhiteElo "1497"]
[BlackElo "1517"]
[PlyCount "109"]
[EventDate "2018.10.11"]
[EventType "team-swiss"]
[EventRounds "6"]
[EventCountry "COL"]
[SourceTitle "CBM 186 Extra"]
[Source "ChessBase"]
[SourceDate "2018.08.24"]
[SourceVersion "1"]
[SourceVersionDate "2018.08.24"]
[SourceQuality "1"]
[WhiteTeam "Tolima Retadores"]
[BlackTeam "Cali Selec"]
[WhiteTeamCountry "COL"]
[BlackTeamCountry "COL"]

1. e4 c5 2. Nf3 Nc6 3. Nc3 g6 4. d4 cxd4 5. Nxd4 Bg7 6. Be3 Nf6 7. Bc4 0-0 8. Bb3 Ng4 9. Nxc6 dxc6 10. Qxd8 Rxd8 11. Bg5 Kf8 12. h3 Nf6 13. 0-0 h6 14. Be3 b5 15. Rad1 Ba6 16. Rxd8+ Rxd8 17. Re1 b4 18. Na4 Bb5 19. f3 Nh5 20. g4 Nf6 21. Nc5 Nh7 22. e5 Ng5 23. Kg2 Kg8 24. f4 Nh7 25. Ne4 Rd7 26. a4 bxa3 27. bxa3 e6 28. a4 Bf8 29. axb5 cxb5 30. Ra1 Be7 31. Rxa7 Rxa7 32. Bxa7 Nf8 33. Bc5 Bh4 34. Nd6 Nd7 35. Bf2 Bd8 36. Nxb5 Ba5 37. c4 Bd2 38. Kf3 Bb4 39. Bc2 Kf8 40. Nd6 Ke7 41. Bh4+ Kf8 42. Ba4 Nc5 43. Bb5 Ba3 44. Bf2 Nb3 45. Be3 f6 46. Nb7 fxe5 47. fxe5 g5 48. Ba4 Nc1 49. c5 Bb2 50. Bxc1 Bxc1 51. c6 Bf4 52. Ke4 Ke7 53. c7 Bd2 54. c8Q Bb4 55. Qe8# 1-0

[Event "COL Intercollegiate-chT U18"]
[Site "Palmira"]
[Date "2017.10.21"]
[Round "5.7"]
[White "Zona Moreno, Sergio Julian"]
[Black "Calderon Zuta, Nicolas"]
[Result "1/2-1/2"]
[WhiteElo "1516"]
[BlackElo "1914"]
[PlyCount "119"]
[EventDate "2017.10.19"]
[EventType "swiss"]
[EventRounds "12"]
[EventCountry "COL"]
[SourceTitle "CBM 181 Extra"]
[Source "ChessBase"]
[SourceDate "2017.12.12"]
[SourceVersion "1"]
[SourceVersionDate "2017.12.12"]
[SourceQuality "1"]

1. e4 c5 2. Nf3 e6 3. d4 cxd4 4. Nxd4 a6 5. Nc3 Qc7 6. a3 Nf6 7. Be2 Be7 8. 0-0 0-0 9. Be3 Nc6 10. Kh1 d5 11. exd5 Nxd5 12. Nxd5 exd5 13. c3 Bd6 14. Nxc6 bxc6 15. Bd3 Re8 16. Rc1 Be5 17. Bd4 Bb7 18. Bxe5 Rxe5 19. Re1 Rae8 20. Qd2 c5 21. Rxe5 Qxe5 22. Kg1 g6 23. h3 d4 24. c4 Kg7 25. b4 Re6 26. Rb1 Bc6 27. b5 axb5 28. cxb5 Bd5 29. Rc1 Qc7 30. Bc4 Qb7 31. Bxd5 Qxd5 32. a4 Re8 33. Qd3 Ra8 34. Qc4 Qxc4 35. Rxc4 d3 36. Rxc5 Rxa4 37. Rc1 Kf6 38. Rb1 Ke5 39. b6 Ra8 40. Kf1 Kd4 41. Ke1 h5 42. b7 Rb8 43. Kd2 Kc4 44. f4 Kd4 45. g4 hxg4 46. hxg4 Kc4 47. Rb2 Kd4 48. Rb3 f5 49. Rxd3+ Ke4 50. gxf5 gxf5 51. Rd7 Kxf4 52. Kd3 Kf3 53. Rf7 f4 54. Kd4 Ke2 55. Ke4 f3 56. Rc7 f2 57. Rc2+ Ke1 58. Ke3 Re8+ 59. Kd4 Rb8 60. Ke3 1/2-1/2

[Event "COL Intercollegiate-chT U18"]
[Site "Palmira"]
[Date "2017.10.21"]
[Round "6.9"]
[White "Zona Moreno, Sergio Julian"]
[Black "Cuevas Sanchez, Bramdon Daniel"]
[Result "0-1"]
[WhiteElo "1516"]
[BlackElo "1721"]
[PlyCount "118"]
[EventDate "2017.10.19"]
[EventType "swiss"]
[EventRounds "12"]
[EventCountry "COL"]
[SourceTitle "CBM 181 Extra"]
[Source "ChessBase"]
[SourceDate "2017.12.12"]
[SourceVersion "1"]
[SourceVersionDate "2017.12.12"]
[SourceQuality "1"]

1. e4 c5 2. Nf3 e6 3. d4 cxd4 4. Nxd4 Nc6 5. Nc3 a6 6. Be2 Qc7 7. a3 Nf6 8. 0-0 Be7 9. Be3 0-0 10. Kh1 Rd8 11. f4 d6 12. Qe1 Nxd4 13. Bxd4 e5 14. Be3 Bd7 15. fxe5 dxe5 16. Qg3 Kh8 17. Rac1 Bc6 18. Bd3 Bd7 19. h3 b5 20. Nd5 Nxd5 21. exd5 Rf8 22. c4 bxc4 23. Rxc4 Qb8 24. b4 Bb5 25. Rc3 Bxd3 26. Rxd3 Qb5 27. Rdd1 Bd6 28. Qf3 a5 29. bxa5 Rxa5 30. Bc1 f6 31. Rf2 Rfa8 32. Rb2 Qa6 33. Rb3 Kg8 34. Qe3 Bc5 35. Qd2 Qd6 36. Qc3 Bd4 37. Qb4 Qxb4 38. axb4 Rxd5 39. Bb2 Rad8 40. Bxd4 Rxd4 41. Rxd4 Rxd4 42. Kg1 Kf7 43. Kf2 Ke6 44. g4 Kd6 45. b5 Kc5 46. b6 Rd8 47. Rb1 Rb8 48. Rc1+ Kxb6 49. Rb1+ Kc7 50. Rc1+ Kd6 51. Ra1 Rb7 52. Ra8 Kd5 53. Ra5+ Ke6 54. Ra6+ Kf7 55. Ra3 Kg6 56. Rf3 Rb4 57. Kg3 h5 58. Re3 hxg4 59. hxg4 Kg5 0-1

[Event "COL Intercollegiate-chT U18"]
[Site "Palmira"]
[Date "2017.10.20"]
[Round "4.9"]
[White "Foronda Tovar, Carlos Andres"]
[Black "Zona Moreno, Sergio Julian"]
[Result "0-1"]
[WhiteElo "1466"]
[BlackElo "1516"]
[PlyCount "58"]
[EventDate "2017.10.19"]
[EventType "swiss"]
[EventRounds "12"]
[EventCountry "COL"]
[SourceTitle "CBM 181 Extra"]
[Source "ChessBase"]
[SourceDate "2017.12.12"]
[SourceVersion "1"]
[SourceVersionDate "2017.12.12"]
[SourceQuality "1"]

1. d4 d5 2. c4 e6 3. Nf3 Nf6 4. Bg5 Nbd7 5. a3 Be7 6. Nc3 0-0 7. e3 c6 8. Bd3 dxc4 9. Bxc4 Nd5 10. Bxe7 Qxe7 11. Rc1 Nxc3 12. Rxc3 e5 13. 0-0 e4 14. Nd2 Nb6 15. f3 Nxc4 16. Nxc4 Be6 17. Nd2 exf3 18. Qxf3 Rad8 19. Qg3 Bd5 20. Rf4 f5 21. Rh4 Rd6 22. Qh3 Rg6 23. g3 h6 24. Rf4 Rgf6 25. Qf1 b5 26. Nf3 g5 27. Nxg5 hxg5 28. Rf2 Qe4 29. Qe2 Qh1# 0-1

[Event "COL-ch U16 m sf1"]
[Site "Ibague"]
[Date "2016.04.15"]
[Round "3.10"]
[White "Zona Moreno, Sergio Julian"]
[Black "Herrera C, Carlos Stiven"]
[Result "0-1"]
[WhiteElo "1600"]
[BlackElo "1360"]
[PlyCount "54"]
[EventDate "2016.04.14"]
[EventType "swiss"]
[EventRounds "6"]
[EventCountry "COL"]
[SourceTitle "EXT 2024"]
[Source "ChessBase"]
[SourceDate "2023.10.10"]
[SourceVersion "1"]
[SourceVersionDate "2023.10.10"]
[SourceQuality "1"]

1. e4 c5 2. Nf3 Nc6 3. Bb5 Nf6 4. Bxc6 bxc6 5. d3 e6 6. Nbd2 d5 7. 0-0 Be7 8. Ne5 Qc7 9. f4 0-0 10. g4 Ba6 11. g5 Nd7 12. Nxd7 Qxd7 13. Qh5 c4 14. Rf3 Bc5+ 15. Kh1 f5 16. Rh3 g6 17. Qh6 Qg7 18. b3 Qxh6 19. Rxh6 cxd3 20. cxd3 Bxd3 21. e5 Bd4 22. Ba3 Bxa1 23. Bxf8 Bc3 24. Rh3 Bxd2 25. Rxd3 Bxf4 26. Bd6 Bxg5 27. Rc3 Rc8 0-1